| 000 | 00608cam a22001693 4500 | ||
|---|---|---|---|
| 082 |
_a943.082 _bPRA |
||
| 100 | 1 |
_aPratt, Sisson C. _949383 |
|
| 245 | 1 | 0 |
_aSaarbrück to Paris, 1870; _ba strategical sketch, _cby Lieut.-Colonel Sisson C. Pratt; with ten sketches and maps. |
| 260 |
_aLondon, _bS. Sonnenschein & co., _c1904. |
||
| 300 |
_a3 p. l., v-viii, 209 p. _b10 fold. maps (2 in pocket) _c19 cm. |
||
| 490 | 0 | _aSpecial campaign series, | |
| 526 |
_a0 _b0 _c0 _d943_082000000000000_PRA |
||
| 650 | 0 |
_aFranco-Prussian War, 1870-1871. _949384 |
|
| 650 | 0 |
_aMCE _9379 |
|
| 650 | 0 | _aStrategy. | |
| 942 |
_2ddc _cBK |
||
| 999 |
_c552172 _d552172 |
||